The Magic of the Baroque in México (Record no. 946)

MARC details
000 -CABECERA
campo de control de longitud fija 01093nam a2200277 a 4500
001 - NÚMERO DE CONTROL
campo de control BRCA_1067
005 - FECHA Y HORA DE LA ÚLTIMA TRANSACCIÓN
campo de control 20190320203250.0
008 - DATOS DE LONGITUD FIJA--INFORMACIÓN GENERAL
campo de control de longitud fija 190508s1999----mx-a---###---#000-0#eng-#
020 ## - NÚMERO INTERNACIONAL ESTÁNDAR DEL LIBRO
Número Internacional Estándar del Libro 9685205000
040 ## - FUENTE DE LA CATALOGACIÓN
Centro catalogador/agencia de origen SAV
Centro/agencia transcriptor SAV
Centro/agencia modificador OCLCQ
041 ## - CÓDIGO DE LENGUA
Código de lengua del texto/banda sonora o título independiente eng
044 ## - CÓDIGO DEL PAÍS DE LA ENTIDAD EDITORA/PRODUCTORA
Código MARC del país mx
050 #4 - SIGNATURA TOPOGRÁFICA DE LA BIBLIOTECA DEL CONGRESO
Número de clasificación NA757.A6
Número de documento/Ítem .S23 1999
100 1# - ENTRADA PRINCIPAL--NOMBRE DE PERSONA
Nombre de persona Sada de González, Lydia
9 (RLIN) 3099
245 10 - MENCIÓN DE TÍTULO
Título The Magic of the Baroque in México
Mención de responsabilidad, etc. prologue Guillermo Tovar de Teresa ; texts Lydia Sada de González, Efraín Castro Morales ; editor Carlos González Manterola ; photography José Ignacio González Manterola.
260 ## - PUBLICACIÓN, DISTRIBUCIÓN, ETC.
Lugar de publicación, distribución, etc. México
Nombre del editor, distribuidor, etc. Espejo de Obsidiana : Grupo Financiero Bancomer
Fecha de publicación, distribución, etc. 1999
300 ## - DESCRIPCIÓN FÍSICA
Extensión 255 p.
Otras características físicas il. a color
Dimensiones 33 cm.
504 ## - NOTA DE BIBLIOGRAFÍA, ETC.
Nota de bibliografía, etc. Bibliografía : p. 253-255
610 24 - PUNTO DE ACCESO ADICIONAL DE MATERIA--NOMBRE DE ENTIDAD CORPORATIVA
Nombre de entidad corporativa o nombre de jurisdicción como elemento de entrada Casa Grande de Apaseo (Apaseo el Grande, México)
9 (RLIN) 3511
650 14 - PUNTO DE ACCESO ADICIONAL DE MATERIA--TÉRMINO DE MATERIA
Término de materia o nombre geográfico como elemento de entrada Arquitectura barroca
Subdivisión geográfica México
9 (RLIN) 23
650 14 - PUNTO DE ACCESO ADICIONAL DE MATERIA--TÉRMINO DE MATERIA
Término de materia o nombre geográfico como elemento de entrada Artes decorativas
Subdivisión general Historia
Subdivisión cronológica Siglo XVIII
Subdivisión geográfica México
9 (RLIN) 3512
651 #4 - PUNTO DE ACCESO ADICIONAL DE MATERIA--NOMBRE GEOGRÁFICO
Nombre geográfico Apaseo el Grande (México)
9 (RLIN) 3513
700 1# - PUNTO DE ACCESO ADICIONAL--NOMBRE DE PERSONA
Nombre de persona Castro Morales, Efraín
9 (RLIN) 3514
700 1# - PUNTO DE ACCESO ADICIONAL--NOMBRE DE PERSONA
Nombre de persona González Manterola, Carlos
9 (RLIN) 3515
942 ## - ELEMENTOS DE PUNTO DE ACCESO ADICIONAL (KOHA)
Fuente del sistema de clasificación o colocación Library of Congress Classification
Tipo de ítem Koha Libros
Holdings
Estado de retiro Estado de pérdida Estado dañado No para préstamo Localización permanente Ubicación/localización actual Fecha de adquisición Total de préstamos Signatura topográfica completa Código de barras Fecha visto por última vez Precio válido a partir de Tipo de ítem Koha
El ejemplar forma parte de la colección y puede ser consultado según las políticas vigentes.       Biblioteca del Museo Franz Mayer (Rogerio Casas-Alatriste) Biblioteca del Museo Franz Mayer (Rogerio Casas-Alatriste) 26/06/2008   NA757.A6 .S23 1999 01554 22/03/2019 22/03/2019 Libros